Countries By 3 Clues #10 - Statistics

General Stats
  • This quiz has been taken 28 times
  • The average score is 12 of 15
Answer Stats
3 Clues Countries % Correct
Baltic Sea, Ice Hockey, Riga Latvia
96%
Bissagos Islands, Amílcar Cabral, Bissau Guinea Bissau
92%
Baltic Sea, Kaunas, Vilnius Lithuania
92%
Lek, Mother Teresa, Balkans Albania
88%
Persian Gulf, Sharia, Doha Qatar
88%
Melania Trump, Ljubljana, Adriatic Sea Slovenia
88%
Equator, Libreville, Omar Bongo Gabon
83%
Dardania, Prizren, Pristina Kosovo
83%
Kalahari, Fish River Canyon, Windhoek Namibia
83%
Island Nation, Persian Gulf, Shia Bahrain
79%
Equator, Fang, Malabo Equatorial Guinea
79%
Mother Teresa, FYROM, Denar North Macedonia
79%
Kalahari, Setswana, Pula Botswana
75%
Maseru, Black Rhinoceros, Basutoland Lesotho
75%
The Smiling Coast, Banjul, Spotted Hyena Gambia
63%
No matching quizzes found
Score Distribution
Percent of People with Each Score
Percentile by Number Answered
Your Score History
You have not taken this quiz